000 01074nam a22003497a 4500
001 0007251
003 KOHA_MİRAKIL
005 20260207001551.0
007 ta
008 090917b2000 tu |||gr||||#||||0|tur |
020 _a9757726575
040 _aTR-BiSEU
_btur
_cTR-BiSEU
_erda
041 0 _atur
044 _ctu
050 _aBD162
_b.L96 2000
100 1 _aLyotard, Jean François.
245 1 _aPostmodern durum :
_bbilgi üzerinde bir rapor/
_cJean François Lyotard ; Jean François Lyotard; çeviren Ahmet Çiğdem.
264 1 _aİstanbul :
_bVadi
_c2000
300 _a159 sayfa
336 _ametin
_btxt
_2rdacontent
337 _aaracısız
_bn
_2rdamedia
338 _acilt
_bnc
_2rdacarrier
490 1 _aVadi yayınları ;132.
490 1 _aFelsefe dizisi ;
_v16.
500 _aKaynakça var.
650 0 _aKnowledge, Theory of.
_917990
650 0 _aCivilization, Modern--20th century.
_917991
650 0 _aPostmodernism.
_97510
830 1 _aVadi yayınları ;132.
_917992
830 1 _aFelsefe dizisi ;
_v16.
_97405
942 _2lcc
_cBK
999 _c7231
_d7231